=LDR 00000nam 2200000 4500 =001 INLIS000000000045093 =005 20141222085403.0 =006 =007 =008 =020 ##$$a 979-731-766-8 =035 ##$$0010-121400000000243 =040 ##$$a NBPDMAT =082 ##$$a 362.173.068 =090 ##$$a 362.173.068 =100 ##$$a Laksono Trisnantoro =245 ##$$a Aspek strategis : $b Manajemen rumah sakit antara misi sosial dan tekanan pasar / $c =250 ##$$a xxii, 378 hlm. ; $c 23 cm. =260 ##$$a Yogyakarta : $b Andi, $c 2005. =300 ##$$a xxii, 378 hlm. : $c 23 cm. =650 ##$$a Manajemen Rumah Sakit =850 ##$$a NBPDMAT =990 ##$$a 0001/BPAP-NTB/20142015 =990 ##$$a 0001/BPAP-NTB/20142015